Provinces of Finland in 1939 with a map - Statistics

General Stats
  • This quiz has been taken 68 times
  • The average score is 5 of 10
Answers on the Map
Answers color-coded by a green-red scale on the quiz's map according to % correct below.
 
Answer Stats
Answer % Correct
{Lapin} lääni
98%
{Uudenmaan} lääni
65%
{Ahvenanmaan} lääni
53%
{Oulun} lääni
53%
{Vaasan} lääni
43%
{Hämeen} lääni
41%
{Kuopion} lääni
33%
{Viipurin} lääni
33%
{Mikkelin} lääni
27%
{Turun} ja {Porin} lääni
18%
No matching quizzes found
Score Distribution
Percent of People with Each Score
Percentile by Number Answered
Your Score History
You have not taken this quiz